| 000 | 00431nam a22001697a 4500 | ||
|---|---|---|---|
| 005 | 20230912111913.0 | ||
| 010 | _aENG-137864 | ||
| 020 | _c240.00 | ||
| 035 | _aEN-121396 | ||
| 037 | _bDBAD/PUB | ||
| 082 | _a881 | ||
| 100 |
_aHaravu,L Jayaram _956314 |
||
| 245 |
_aVerses in a Vedantic Vein/ _cBy L Jayaram Haravu |
||
| 260 | _bL Jayaram Haravu | ||
| 300 |
_a96p. _c22cm(pbk) |
||
| 942 |
_2ddc _cEN _h881 _mHAR |
||
| 999 |
_c197424 _d197424 |
||